LEADER 01078nam a2200241 i 4500 001 000000140420 003 CaOOAMICUS 005 20050616000000.0 008 050616n fr u000 u fre u 013 $a114621 040 $aSeMil$bita 100 1 $aScheler, Max,$d<1874-1928>.$0(OLS)http://semarc/name/7920 245 13$aLe sens de la souffrance, suivi de deux autres essais /$cMax Scheler ; traduit de l'allemand par Pierre Klossowski. 260 $aParis :$bAubier-Montaigne,$c[194?] 300 $aIX, 181 p. ;$c19 cm. 490 0 $aPhilosophie de l'esprit 650 4$aSofferenza - Filosofia.$0(OLS)http://semarc/subject/13350 700 1 $aKlossowski, Pierre,$d<1905-2001>.$0(OLS)http://semarc/name/56590 830 0$aPhilosophie de l'esprit.$0(OLS)http://semarc/title/18245 850 $aSeMil 852 $aSeMil$W1$xVenegono$y1$m2R I 264 =$j93797$B93797$CSeMilBibl$Z2$F99193 $81 996 $6245$aLe sens de la souffrance, suivi de deux autres essais$9(OLS)http://semarc/title/205221 996 $6260$aParis :$bAubier-Montaigne$9(OLS)http://semarc/publisher/29782 LEADER 01026nam a2200253 i 4500 001 000000214412 003 CaOOAMICUS 005 20120718000000.0 008 120718s2011 it u000 u ita u 013 $a193283 040 $aSeMil$bita 100 1 $aPessoa, Fernando,$d<1888-1935>.$0(OLS)http://semarc/name/31396 245 10$aNei giorni di luce perfetta /$cFernando Pessoa ; a cura di Paolo Collo. 260 $aMilano :$bCorriere della Sera,$c2011. 300 $a236 p. :$b1 ritratto ;$c18 cm. 490 0 $aUn secolo di poesia ;$v4 500 $aTesto originale a fronte. 700 1 $aCollo, Paolo.$0(OLS)http://semarc/name/1135 830 3$aUn secolo di poesia ;$v4.$0(OLS)http://semarc/title/16358 850 $aSeMil 852 $aSeMil$W1$xVenegono$y1$m1V I 190$j164834$B164834$CSeMilBibl$Z2$F187449 $81 961 $aOmaggio: Martinelli don Romano 996 $6245$aNei giorni di luce perfetta$9(OLS)http://semarc/title/308901 996 $6260$aMilano :$bCorriere della Sera$9(OLS)http://semarc/publisher/33390